00812cam a2200181 a 4500040000800000082002600008245015100034260009200185300003500277490007100312500005400383500002000437650001600457650001600473650001600489650001600505710010900521 cDLC a333 FAO 2021 C101 Or.00aRegional overview of food security in Latin America and the Caribbean with a focus on agricultural research, technology transfer and application / aSan Jose, Costa Rica :bInter-American Institute for Cooperation on Agriculture,c1991. aviii, 100 p. :bill. ;c28 cm.1 aReports, results and recommendations from technical events series, a"Program II: Technology Generation and Transfer." a"January 1991." 0aFood supply 0aFood supply 0aAgriculture 0aAgriculture2 aProgram II--Technology Generation and Transfer (Inter-American Institute for Cooperation on Agriculture)